Five Most Guessed World Leaders by Country - Statistics

General Stats
  • This quiz has been taken 64,004 times
    20,529 since last reset
  • The average score is 14 of 30
Answer Stats
Country % Leader % Correct
United States 98 Donald Trump
99%
United States 97 Barack Obama
96%
United States 95 George Washington
89%
United States 92 George W. Bush
86%
United States 97 Joe Biden
83%
France 96 Emmanuel Macron
81%
Canada 98 Justin Trudeau
77%
Israel 97 Benjamin Netanyahu
76%
Canada 98 Pierre Trudeau
76%
United Kingdom 90 Margaret Thatcher
73%
United Kingdom 89 Winston Churchill
71%
United Kingdom 95 Boris Johnson
67%
France 90 Charles de Gaulle
55%
United Kingdom 86 Keir Starmer
50%
United Kingdom 89 Rishi Sunak
40%
France 83 Nicolas Sarkozy
36%
Israel 84 Golda Meir
29%
France 83 François Hollande
27%
France 75 Jacques Chirac
26%
Canada 80 Mark Carney
26%
Israel 83 David Ben-Gurion
23%
Australia 88 Anthony Albanese
20%
Israel 73 Yitzhak Rabin
16%
Canada 71 Stephen Harper
14%
Australia 91 Scott Morrison
11%
Australia 85 Julia Gillard
9%
Israel 62 Shimon Peres
9%
Canada 60 Sir John A. Macdonald
8%
Australia 81 Tony Abbott
8%
Australia 79 Kevin Rudd
7%
No matching quizzes found
Score Distribution
Percent of People with Each Score
Percentile by Number Answered
Your Score History
You have not taken this quiz since the last reset